Word Ladder: A Hard Greeting Quiz Stats

 Plays Quiz Updated Sep 27, 2017

Challenge
Share
Tweet
Embed
Score 0/28 Timer 03:00
2 Plays Today
Clue 4-Letter Word % Correct
■ Get the creases out of ■■IRON■
93.2%
To set on fireBURN
92.9%
■ Tightly closed hand ■■FIST■
92.6%
Jog like a horseTROT
91.9%
Rental on a golf courseCART
91.6%
Able to eat no moreFULL
90.9%
■ Actors in a play ■■CAST■
90.7%
White seabirdGULL
90%
Switzerland's capitalBERN
89.7%
Hassan Rouhani's countryIRAN
88.8%
Disney sci-fi movie title characterTRON
88.2%
Lancaster of filmsBURT
87.7%
Swallow eagerlyGULP
87.5%
Rudely blunt and briefCURT
87%
Clue 4-Letter Word % Correct
Short sound of a hornTOOT
86.7%
Ink stainBLOT
86.6%
Beret fabricFELT
84.1%
Cut down a treeFELL
83.8%
A partyFEST
83.5%
Edible seed or podBEAN
83.5%
Cook up a conspiracyPLOT
82.2%
Pieces of grain huskBRAN
81.7%
Oscar-winning Hanks roleGUMP
80.9%
Dismiss unceremoniouslyBOOT
78.8%
■ Impact injury; jolt provider in a car ■■BUMP■
67.6%
Map showing property divisionsPLAT
56.4%
Devoid of chargeFLAT
55.3%
Official proclamationFIAT
53.9%

Today's Daily Dose

You're not logged in!

Compare scores with friends on all Sporcle quizzes.
OR
Log In

You Might Also Like...

Show Comments

Extras

Top Quizzes Today


Score Distribution

Your Account Isn't Verified!

In order to create a playlist on Sporcle, you need to verify the email address you used during registration. Go to your Sporcle Settings to finish the process.

Report this User

Report this user for behavior that violates our Community Guidelines.

Details: